Constitución de 1931 : estudios jurídicos sobre el momento republicano español /
Salvato in:
| Altri autori: | , , |
|---|---|
| Natura: | Elettronico eBook |
| Lingua: | spagnolo |
| Pubblicazione: |
Madrid :
Marcial Pons, Ediciones jurídicas y sociales, S. A.,
2017.
|
| Serie: | Teoría constitucional y derecho.
|
| Soggetti: | |
| Accesso online: | Digitalia Hispánica |
| Tags: |
Aggiungi Tag
Nessun Tag, puoi essere il primo ad aggiungerne!!
|
MARC
| LEADER | 00000nam a2200000Ii 4500 | ||
|---|---|---|---|
| 001 | DIGMPONS0549 | ||
| 003 | NyNyDIG | ||
| 006 | m o d | ||
| 007 | cr ||||||||||| | ||
| 008 | 250819s2017 sp ob 000 0 spa d | ||
| 035 | |a (OCoLC)1534297171 | ||
| 040 | |a DGITA |b eng |e rda |e pn |c DGITA | ||
| 020 | |a 9788413811208 |q eBook | ||
| 020 | |z 9788491232254 | ||
| 043 | |a e-sp--- | ||
| 050 | 1 | 4 | |a KKT2064 ebook |
| 245 | 0 | 0 | |a Constitución de 1931 : |b estudios jurídicos sobre el momento republicano español / |c Luis I. Gordillo Pérez, Sebastián Martín, Víctor J. Vázquez Alonso (dirs.). |
| 264 | 1 | |a Madrid : |b Marcial Pons, Ediciones jurídicas y sociales, S. A., |c 2017. | |
| 300 | |a 1 online resource. | ||
| 336 | |a text |b txt |2 rdacontent | ||
| 337 | |a computer |b c |2 rdamedia | ||
| 338 | |a online resource |b cr |2 rdacarrier | ||
| 347 | |a text file |2 rdaft | ||
| 347 | |b PDF | ||
| 490 | 1 | |a Teoría constitucional y derecho | |
| 504 | |a Includes bibliographical references. | ||
| 588 | 0 | |a Online resource; title from PDF title page (Digitalia, viewed August 19, 2025) | |
| 650 | 0 | |a Constitutional history |z Spain |y 20th century. | |
| 651 | 0 | |a Spain |x Politics and government |y 1931-1939. | |
| 700 | 1 | |a Gordillo, Luis I., |e editor. | |
| 700 | 1 | |a Martín, Sebastián, |e editor. | |
| 700 | 1 | |a Vázquez Alonso, Víctor J., |e editor. | |
| 776 | 0 | 8 | |i Print version: |t Constitución de 1931. |d Madrid : Marcial Pons, Ediciones jurídicas y sociales, S. A., 2017 |z 9788491232254 |
| 791 | 2 | |a Digitalia (Firm), |e distributor. | |
| 793 | 0 | |g Digitalia eBook Collection: |a Marcial Pons | |
| 830 | 0 | |a Teoría constitucional y derecho. | |
| 856 | 4 | 0 | |3 Digitalia Hispánica |u https://digitalia.unach.elogim.com/a/172560/ |
| 910 | |a Premium collection: 2025 | ||